US 1890 Small Bank Note Issue Wm H. Johns collection (May 2019) (Record no. 3382)
[ view plain ]
| 000 -LEADER | |
|---|---|
| fixed length control field | 00343nam a22000977a 4500 |
| 008 - FIXED-LENGTH DATA ELEMENTS--GENERAL INFORMATION | |
| fixed length control field | 220502b ||||| |||| 00| 0 eng d |
| 100 ## - MAIN ENTRY--AUTHOR'S NAME | |
| Author's Name | Robert Siegel Auction Galleries |
| 245 ## - TITLE STATEMENT | |
| Title | US 1890 Small Bank Note Issue Wm H. Johns collection (May 2019) |
| 260 ## - PUBLICATION, DISTRIBUTION, ETC. (IMPRINT) | |
| Place of publication, distribution, etc. | New York |
| Name of publisher, distributor, etc. | Robert Siegel Auction Galleries |
| Date of publication, distribution, etc. | 2019 |
| 650 ## - TOPICAL TERM (Tag) | |
| Topical term or geographic name | US Classic| Small Bank Notes |
No items available.